[Event "III Memorial Oliver Gonzalez (Torneo A)"]
[Site "Polideportivo Daoiz y Velarde,"]
[Date "2012.09.08"]
[Round "8"]
[White "Moreno Tejera, Emilio"]
[Black "Horvath, Adam"]
[Result "1-0"]
[WhiteElo "2358"]
[BlackElo "2495"]
[PlyCount "101"]
[EventDate "2012.09.01"]
[EventRounds "9"]
[EventCountry "ESP"]

1. e4 c5 2. Nf3 e6 3. d4 cxd4 4. Nxd4 Nc6 5. Nc3 Qc7 6. Be3 Nf6 7. f4 Bb4 8.
Ndb5 Qa5 9. e5 Nd5 10. Bd2 Nxc3 11. Bxc3 O-O 12. Qd2 f6 13. exf6 Rxf6 14. a3
Bxc3 15. Nxc3 d5 16. O-O-O Bd7 17. g3 Be8 18. Kb1 Rb8 19. Ne2 Qb6 20. Nc1 Rc8
21. Nb3 a5 22. h4 Bh5 23. Be2 Bxe2 24. Qxe2 a4 25. Nc1 Na5 26. Nd3 Nc4 27. Nb4
Ne3 28. Rd3 Nc4 29. h5 h6 30. Re1 Rcf8 31. Qd1 Kh8 32. Ka2 Qc5 33. Re2 Rc8 34.
Qe1 Qb6 35. g4 Rcf8 36. g5 hxg5 37. h6 gxf4 38. hxg7+ Kxg7 39. Qh4 Ne3 40. Rh2
Kf7 41. Qg5 Ke7 42. Rh7+ R8f7 43. Rh4 Qd6 44. Rh8 Nf5 45. Rc3 Ng7 46. Rcc8 f3
47. Nd3 d4 48. Ne5 Qd5+ 49. b3 axb3+ 50. cxb3 Qe4 51. Ng6+ 1-0

[Event "III Memorial Oliver Gonzalez (Torneo A)"]
[Site "Polideportivo Daoiz y Velarde,"]
[Date "2012.09.08"]
[Round "8"]
[White "Almagro Llamas, Pablo"]
[Black "Elissalt Cardenas, Hector"]
[Result "1-0"]
[WhiteElo "2455"]
[BlackElo "2353"]
[PlyCount "77"]
[EventDate "2012.09.01"]
[EventRounds "9"]
[EventCountry "ESP"]

1. e4 g6 2. d4 Bg7 3. Nc3 c6 4. Nf3 d5 5. h3 Nh6 6. Bf4 O-O 7. Qd2 dxe4 8. Nxe4
Nf5 9. c3 Nd7 10. h4 h5 11. Bc4 Nb6 12. Bb3 a5 13. a3 a4 14. Ba2 Nd5 15. Be5
Bh6 16. Qe2 b6 17. Rd1 Ba6 18. Qc2 Bc8 19. c4 Nf6 20. O-O Ng4 21. c5 bxc5 22.
dxc5 Qa5 23. Bc3 Qc7 24. g3 Bg7 25. Rfe1 Bxc3 26. Qxc3 Qa5 27. Qc2 Rb8 28. Neg5
Qc7 29. Rd2 Ra8 30. Nd4 Nxf2 31. Kxf2 Qxg3+ 32. Ke2 Qxh4 33. Ndf3 Qf4 34. Kd1
Kg7 35. Re4 Qg3 36. Rg2 Qc7 37. Nxf7 Rxf7 38. Bxf7 Kxf7 39. Ne5+ 1-0

[Event "III Memorial Oliver Gonzalez (Torneo A)"]
[Site "Polideportivo Daoiz y Velarde,"]
[Date "2012.09.08"]
[Round "8"]
[White "Komljenovic, Davorin"]
[Black "Gallardo Garcia, Andres"]
[Result "1-0"]
[WhiteElo "2446"]
[BlackElo "2339"]
[PlyCount "63"]
[EventDate "2012.09.01"]
[EventRounds "9"]
[EventCountry "ESP"]

1. d4 Nf6 2. c4 e6 3. Nf3 c5 4. d5 d6 5. Nc3 exd5 6. cxd5 g6 7. h3 a6 8. a4 Qe7
9. Bf4 Nbd7 10. e3 Bg7 11. Be2 O-O 12. O-O Ne8 13. Re1 h6 14. e4 g5 15. Bh2 Rb8
16. Qd2 b6 17. Rab1 Be5 18. Nxe5 dxe5 19. d6 Nxd6 20. Red1 Ne8 21. Nd5 Qd6 22.
h4 f6 23. Bc4 Kg7 24. Qe2 b5 25. Ne3 Qb6 26. a5 Qd8 27. Be6 Nc7 28. Bf5 Qe8 29.
Qg4 Rf7 30. Qh3 Kf8 31. hxg5 hxg5 32. Bg6 1-0

[Event "III Memorial Oliver Gonzalez (Torneo A)"]
[Site "Polideportivo Daoiz y Velarde,"]
[Date "2012.09.08"]
[Round "8"]
[White "Espinosa Aranda, Angel"]
[Black "Vazquez Torres, Adrian"]
[Result "0-1"]
[WhiteElo "2422"]
[BlackElo "2149"]
[PlyCount "66"]
[EventDate "2012.09.01"]
[EventRounds "9"]
[EventCountry "ESP"]

1. e4 c5 2. Ne2 d6 3. g3 g6 4. Bg2 Bg7 5. O-O Nc6 6. c3 Nf6 7. d4 cxd4 8. cxd4
O-O 9. Nbc3 Qb6 10. b3 e5 11. d5 Nd4 12. h3 Nh5 13. Be3 f5 14. exf5 gxf5 15.
Nxd4 exd4 16. Na4 Qd8 17. Bxd4 Bxd4 18. Qxd4 f4 19. Nc3 f3 20. Bh1 Bxh3 21.
Rfe1 Nxg3 22. Kh2 Nxh1 23. Kxh3 Rf6 24. Rxh1 Kf7 25. Qg4 h5 26. Qxh5+ Rg6 27.
Qh7+ Rg7 28. Qf5+ Qf6 29. Qh5+ Qg6 30. Qxf3+ Kg8 31. Qg3 Qh6+ 32. Kg2 Rxg3+ 33.
Kxg3 Qg7+ 0-1

[Event "III Memorial Oliver Gonzalez (Torneo A)"]
[Site "Polideportivo Daoiz y Velarde,"]
[Date "2012.09.08"]
[Round "8"]
[White "Silva Rodriguez, Julio"]
[Black "Valles Moreno, Ivan"]
[Result "1-0"]
[WhiteElo "2102"]
[BlackElo "2385"]
[PlyCount "89"]
[EventDate "2012.09.01"]
[EventRounds "9"]
[EventCountry "ESP"]

1. e4 c5 2. Nc3 a6 3. Nf3 d6 4. d4 cxd4 5. Nxd4 Nf6 6. Bc4 e6 7. Bb3 Nc6 8. f4
Qc7 9. Be3 Na5 10. Qf3 b5 11. e5 Bb7 12. Qg3 dxe5 13. fxe5 Nxb3 14. Nxb3 Nh5
15. Qg5 g6 16. O-O-O Be7 17. Qg4 Qxe5 18. Rhe1 Nf6 19. Qh3 Qf5 20. Qg3 Rc8 21.
Rf1 Ne4 22. Qe1 Qh5 23. Bd4 Bg5+ 24. Kb1 Nxc3+ 25. bxc3 Rf8 26. Bc5 Be7 27.
Bxe7 Kxe7 28. Qe3 Rc7 29. Qf4 Qxd1+ 30. Rxd1 Rfc8 31. Rf1 Kf8 32. Nd4 Bd5 33.
h4 h5 34. g4 hxg4 35. Qxg4 e5 36. Ne6+ Bxe6 37. Qxe6 Kg8 38. Rxf7 Rxf7 39.
Qxc8+ Kg7 40. Qxa6 e4 41. Qxb5 Re7 42. Qe2 e3 43. a4 Kf6 44. a5 Kf5 45. Qf3+
1-0

[Event "III Memorial Oliver Gonzalez (Torneo A)"]
[Site "Polideportivo Daoiz y Velarde,"]
[Date "2012.09.08"]
[Round "8"]
[White "Montañes Arribas, Adrian"]
[Black "Meszaros, Tamas"]
[Result "0-1"]
[WhiteElo "2200"]
[BlackElo "2428"]
[PlyCount "70"]
[EventDate "2012.09.01"]
[EventRounds "9"]
[EventCountry "ESP"]

1. e4 c5 2. Nf3 e6 3. d4 cxd4 4. Nxd4 a6 5. Nc3 b5 6. Bd3 Qb6 7. Nf3 Nc6 8. O-O
Qb8 9. a4 b4 10. Nb1 Nf6 11. Nbd2 d6 12. Nc4 Be7 13. Bf4 e5 14. Bg5 O-O 15. Ne3
h6 16. Bxf6 Bxf6 17. h3 Na5 18. Nd5 Bd8 19. Nd2 Be6 20. Ne3 Bg5 21. Ndc4 Nxc4
22. Nxc4 Qc7 23. Qe2 a5 24. b3 Rae8 25. Rad1 Qc5 26. Nb2 d5 27. exd5 Bxd5 28.
Bc4 Ba8 29. Rd3 e4 30. Rd7 Rd8 31. Rfd1 Rxd7 32. Rxd7 Qe5 33. Bxf7+ Rxf7 34.
Qc4 Qf5 35. Nd1 Qxd7 0-1

[Event "III Memorial Oliver Gonzalez (Torneo A)"]
[Site "Polideportivo Daoiz y Velarde,"]
[Date "2012.09.08"]
[Round "8"]
[White "Perez Gonzalez, Jose Manuel"]
[Black "Aranaz Murillo, Amalia"]
[Result "0-1"]
[WhiteElo "2333"]
[BlackElo "2213"]
[PlyCount "62"]
[EventDate "2012.09.01"]
[EventRounds "9"]
[EventCountry "ESP"]

1. e4 c6 2. d4 d5 3. e5 Bf5 4. Nc3 e6 5. g4 Bg6 6. Nge2 c5 7. h4 f6 8. Nf4 Bf7
9. exf6 cxd4 10. Qxd4 Nxf6 11. Bb5+ Nc6 12. Nd3 Nd7 13. Bxc6 bxc6 14. Bf4 Qb6
15. Qxb6 axb6 16. Ne5 Nxe5 17. Bxe5 Be7 18. O-O-O O-O 19. h5 Be8 20. f4 c5 21.
Kb1 Bc6 22. Rhe1 Ra7 23. h6 gxh6 24. Rd3 d4 25. Nd1 Bh4 26. Rg1 Bf6 27. Rh3
Bxe5 28. fxe5 Raf7 29. Kc1 Rf1 30. Rxf1 Rxf1 31. Kd2 Bf3 0-1

[Event "III Memorial Oliver Gonzalez (Torneo A)"]
[Site "Polideportivo Daoiz y Velarde,"]
[Date "2012.09.08"]
[Round "8"]
[White "Chueca Forcen, Alberto"]
[Black "Collado Barbas, Laura"]
[Result "1-0"]
[WhiteElo "2313"]
[BlackElo "2149"]
[PlyCount "115"]
[EventDate "2012.09.01"]
[EventRounds "9"]
[EventCountry "ESP"]

1. d4 d5 2. Bf4 Nf6 3. c3 c6 4. e3 Bf5 5. Qb3 Qb6 6. Nf3 Nbd7 7. c4 dxc4 8.
Bxc4 e6 9. Nc3 Rc8 10. O-O Be7 11. h3 h6 12. Rfd1 O-O 13. Rac1 Rfd8 14. Qxb6
Nxb6 15. Bb3 Nbd5 16. Nxd5 Nxd5 17. Bg3 Nb6 18. Kf1 c5 19. dxc5 Rxd1+ 20. Rxd1
Bxc5 21. Nd4 Bxd4 22. Rxd4 Bc2 23. Bxc2 Rxc2 24. Rb4 f6 25. Bb8 Nc4 26. Rxb7
Nxb2 27. Rxa7 Nd1 28. a4 Nxf2 29. Rd7 Ne4 30. a5 Ra2 31. Bc7 e5 32. Bb6 Ra1+
33. Ke2 Ra2+ 34. Ke1 Kf8 35. Ra7 Nc3 36. a6 Nb5 37. Bc5+ Ke8 38. Rb7 Ra1+ 39.
Kf2 Nc3 40. a7 Ne4+ 41. Kf3 Nxc5 42. Rb8+ Kf7 43. a8=Q Rxa8 44. Rxa8 f5 45. Ra5
Nd7 46. e4 f4 47. Ra6 Nc5 48. Ra5 Nd7 49. Ke2 Ke6 50. Kd3 Nf6 51. Ra6+ Ke7 52.
Ra7+ Nd7 53. Kc4 Kd6 54. Ra6+ Ke7 55. Kd5 Ke8 56. Ra8+ Ke7 57. Ra7 Ke8 58. Kd6
1-0

[Event "III Memorial Oliver Gonzalez (Torneo A)"]
[Site "Polideportivo Daoiz y Velarde,"]
[Date "2012.09.08"]
[Round "8"]
[White "Renteria, Jorge"]
[Black "Remolar Gallen, Jose"]
[Result "1/2-1/2"]
[WhiteElo "2310"]
[BlackElo "2137"]
[PlyCount "56"]
[EventDate "2012.09.01"]
[EventRounds "9"]
[EventCountry "ESP"]

1. e4 g6 2. d4 Bg7 3. c4 d6 4. Nc3 Nc6 5. Nge2 e5 6. Be3 exd4 7. Nxd4 Nge7 8.
Qd2 O-O 9. O-O-O f5 10. f3 Ne5 11. Bg5 Nf7 12. h4 Nxg5 13. hxg5 Nc6 14. Nde2 f4
15. Nxf4 Qxg5 16. Qd5+ Qxd5 17. Nfxd5 Bxc3 18. Nxc7 Ba5 19. Nxa8 Be6 20. Rxd6
Bf7 21. a3 Rxa8 22. b4 Bc7 23. Rd7 Rc8 24. Kb1 a5 25. g3 Ne5 26. Re7 Nc6 27.
Rd7 Ne5 28. Re7 Nc6 1/2-1/2

[Event "III Memorial Oliver Gonzalez (Torneo A)"]
[Site "Polideportivo Daoiz y Velarde,"]
[Date "2012.09.08"]
[Round "8"]
[White "Horcajada Reales, Guillermo"]
[Black "Santos, Jose Alves"]
[Result "1/2-1/2"]
[WhiteElo "2207"]
[BlackElo "2265"]
[PlyCount "105"]
[EventDate "2012.09.01"]
[EventRounds "9"]
[EventCountry "ESP"]

1. d4 d5 2. c4 e5 3. dxe5 d4 4. a3 Nc6 5. e3 Bf5 6. Nf3 dxe3 7. Qxd8+ Rxd8 8.
Bxe3 Nge7 9. Nc3 Ng6 10. Nb5 Rd7 11. Nfd4 Nge7 12. Rd1 Nxe5 13. Nxf5 Nxf5 14.
Rxd7 Kxd7 15. Bf4 Ng6 16. Bd3 Nfh4 17. Bg3 c6 18. Nc3 Nxg2+ 19. Kd2 N2f4 20.
Bf5+ Ne6 21. Rd1 Be7 22. Kc2+ Ke8 23. Bb8 a6 24. Ne4 Ngf4 25. Bxf4 Nxf4 26. Bc8
b6 27. Bxa6 Ne6 28. Bc8 Nd8 29. Re1 Kf8 30. c5 bxc5 31. Kd3 f6 32. Kc4 Nf7 33.
f4 g5 34. Bd7 gxf4 35. Bxc6 Ne5+ 36. Kd5 Kf7 37. Nd6+ Bxd6 38. Kxd6 Rd8+ 39.
Kc7 Rd2 40. a4 Rxb2 41. a5 Nd3 42. Ra1 Nb4 43. a6 Nxa6+ 44. Rxa6 Kg6 45. Be4+
Kg5 46. h4+ Kxh4 47. Rxf6 Kg3 48. Bxh7 Re2 49. Bd3 Re3 50. Bb5 Re5 51. Kc6 f3
52. Bc4 f2 53. Kb5 1/2-1/2

[Event "III Memorial Oliver Gonzalez (Torneo A)"]
[Site "Polideportivo Daoiz y Velarde,"]
[Date "2012.09.08"]
[Round "8"]
[White "Vazquez Quiroga, Manuel"]
[Black "Ballesteros Gonzalez, David"]
[Result "1/2-1/2"]
[WhiteElo "2163"]
[BlackElo "2227"]
[PlyCount "79"]
[EventDate "2012.09.01"]
[EventRounds "9"]
[EventCountry "ESP"]

1. f4 d5 2. Nf3 c5 3. d3 Nc6 4. c3 Nf6 5. Qc2 d4 6. e4 Bg4 7. Nbd2 e6 8. Be2
Be7 9. O-O O-O 10. h3 Bxf3 11. Nxf3 a5 12. c4 Rb8 13. a4 Nb4 14. Qd1 Nxe4 15.
dxe4 d3 16. Be3 dxe2 17. Qxe2 Qd3 18. Qxd3 Nxd3 19. b3 Rfd8 20. Rab1 f6 21.
Rfd1 Nb4 22. Kf1 {(=)} Kf7 23. Ke2 Nc2 24. Rbc1 Nxe3 25. Kxe3 Bd6 26. Rd2 Bc7
27. Rcd1 Rxd2 28. Rxd2 Ke7 29. Rd3 Rg8 30. g4 g6 31. e5 f5 32. g5 h6 33. h4 Ra8
34. Rd2 h5 35. Rd3 Ra6 36. Nd2 Rb6 37. Nb1 Bb8 38. Na3 Rc6 39. Nb5 Rc8 40. Na3
1/2-1/2

[Event "III Memorial Oliver Gonzalez (Torneo A)"]
[Site "Polideportivo Daoiz y Velarde,"]
[Date "2012.09.08"]
[Round "8"]
[White "Vega Gomez, Francisco Borja"]
[Black "Moreno Ibañez, Miguel"]
[Result "1-0"]
[WhiteElo "2220"]
[BlackElo "2093"]
[PlyCount "149"]
[EventDate "2012.09.01"]
[EventRounds "9"]
[EventCountry "ESP"]

1. Nf3 g6 2. e4 c5 3. c4 Bg7 4. d4 cxd4 5. Nxd4 Nc6 6. Be3 Nf6 7. Nc3 Ng4 8.
Qxg4 Nxd4 9. Qd1 Ne6 10. Qd2 O-O 11. Bd3 d6 12. O-O a5 13. f4 Nc5 14. Bc2 a4
15. b4 axb3 16. axb3 Rxa1 17. Rxa1 Be6 18. Rb1 f5 19. exf5 gxf5 20. b4 Nd7 21.
Nd5 Bf7 22. Bf2 e6 23. Nc3 Nf6 24. Nb5 d5 25. c5 Ng4 26. Bd4 Bh6 27. h3 Nf6 28.
Nd6 Nh5 29. Be5 Qh4 30. Rf1 Ng3 31. Nxf7 Kxf7 32. Rf3 Nh5 33. Qf2 Qxf2+ 34.
Kxf2 Ra8 35. Bb3 Bg7 36. Bxg7 Nxg7 37. Ke3 Ne8 38. g4 Kf6 39. gxf5 Kxf5 40.
Bc2+ Kf6 41. Kd2 h5 42. Kc3 Ra3+ 43. Bb3 Nc7 44. Kb2 Nb5 45. Rg3 Ra8 46. Rg5
Rh8 47. h4 Nd4 48. Bd1 Nf5 {(=)} 49. Bxh5 Nxh4 50. Bg4 Nf5 51. Bxf5 exf5 52.
Rg3 Re8 53. Rd3 Re4 54. Kc3 Rc4+ 55. Kb3 Ke6 56. Rf3 Re4 57. Rh3 Rxf4 58. Rh7
Rf3+ 59. Kc2 Rf2+ 60. Kd3 Rf3+ 61. Ke2 Rc3 62. Rxb7 d4 63. Kd2 Kd5 64. Rd7+ Kc4
65. Rb7 Kd5 66. Rb8 Ra3 67. Rd8+ Kc4 68. c6 Ra7 69. Rb8 Rc7 70. b5 Kc5 71. Rb7
Rc8 72. c7 Kd6 73. b6 f4 74. Rb8 Kd7 75. Ke2 1-0

[Event "III Memorial Oliver Gonzalez (Torneo A)"]
[Site "Polideportivo Daoiz y Velarde,"]
[Date "2012.09.08"]
[Round "8"]
[White "Anton Veiga, Juan Carlos"]
[Black "Martin Rueda, Daniel"]
[Result "0-1"]
[WhiteElo "2126"]
[BlackElo "2297"]
[PlyCount "52"]
[EventDate "2012.09.01"]
[EventRounds "9"]
[EventCountry "ESP"]

1. e4 c5 2. Nf3 e6 3. d4 cxd4 4. Nxd4 Nf6 5. Nc3 d6 6. Bg5 h6 7. Be3 a6 8. f3
b5 9. Qd2 Bb7 10. O-O-O Nbd7 11. a3 Rc8 12. Kb1 Nb6 13. g4 Nfd7 14. Ka2 Be7 15.
h4 Ne5 16. b3 d5 17. exd5 b4 18. Ne4 Nxd5 19. Bg2 Qa5 20. a4 Nc4 21. bxc4 Nc3+
22. Kb2 Nxa4+ 23. Kb3 Nc5+ 24. Kb2 Qa3+ 25. Kb1 Bxe4 26. fxe4 Na4 0-1

[Event "III Memorial Oliver Gonzalez (Torneo A)"]
[Site "Polideportivo Daoiz y Velarde,"]
[Date "2012.09.08"]
[Round "8"]
[White "Jimenez Martinez, Jose Vicente"]
[Black "Alvarez Abejon, Amilcar"]
[Result "1/2-1/2"]
[WhiteElo "2277"]
[BlackElo "2105"]
[PlyCount "100"]
[EventDate "2012.09.01"]
[EventRounds "9"]
[EventCountry "ESP"]

1. d4 Nf6 2. c4 g6 3. Nc3 Bg7 4. e4 d6 5. f3 O-O 6. Be3 c5 7. dxc5 dxc5 8. Qxd8
Rxd8 9. Bxc5 Nc6 10. Nd5 Nd7 11. Bxe7 Nxe7 12. Nxe7+ Kf8 13. Nd5 Bxb2 14. Rb1
Bg7 15. Nh3 Nc5 16. Nf2 Be6 17. Nd3 Nxd3+ 18. Bxd3 b6 19. Ke2 Rac8 20. Rb5 Bd7
21. Rb3 Be6 22. Rhb1 f5 23. h3 Rc5 24. Ra3 Rd7 25. Rb4 Be5 26. Nc3 Ra5 27. Rxa5
Bxc3 28. Rab5 fxe4 29. fxe4 Bxb4 30. Rxb4 Rc7 31. Ke3 Ke7 32. a3 Kf6 33. a4 Rc5
34. Kd4 Bd7 35. Be2 Rg5 36. Bf3 Ra5 37. Bd1 Rg5 38. Rb2 Ra5 39. Ra2 Bc6 40. Bb3
Bd7 41. Rf2+ Ke7 42. Ra2 Kf6 43. Rc2 Bxa4 44. Bxa4 Rxa4 45. Kd5 Ke7 46. Rf2
Ra5+ 47. Kd4 Ra4 48. Kd5 Ra5+ 49. Kd4 Ra4 50. Kd5 Ra5+ 1/2-1/2

[Event "III Memorial Oliver Gonzalez (Torneo A)"]
[Site "Polideportivo Daoiz y Velarde,"]
[Date "2012.09.08"]
[Round "8"]
[White "Santos Ruiz, Miguel"]
[Black "Cruz Alvarez De Ron, Dan"]
[Result "1/2-1/2"]
[WhiteElo "2050"]
[BlackElo "2233"]
[PlyCount "84"]
[EventDate "2012.09.01"]
[EventRounds "9"]
[EventCountry "ESP"]

1. e4 e6 2. d4 d5 3. Nd2 b6 4. Ngf3 Nf6 5. Bd3 Be7 6. O-O dxe4 7. Nxe4 O-O 8.
Nxf6+ Bxf6 9. Be4 c6 10. Ne5 Ba6 11. Re1 Qe7 12. Be3 g6 13. Qf3 Bg7 14. Nxc6
Nxc6 15. Bxc6 Rac8 16. c3 Qc7 17. Ba4 e5 18. Rad1 Bb7 19. Qh3 Rfd8 20. Bb3 exd4
21. Bxd4 Bxd4 22. Rxd4 Rxd4 23. cxd4 Rd8 24. Qe3 Bd5 25. Bxd5 Rxd5 26. a3 Qd6
27. Rd1 Kg7 28. Qg3 Qd7 29. h3 h5 30. Qc3 Kh7 31. Qd3 Qd6 32. h4 Kg7 33. Qe4
Kf8 34. g3 Kg7 35. Rd3 Kf8 36. Kg2 Kg7 37. f3 Kf8 38. Kf2 Rb5 39. Rd2 Rd5 40.
Ke3 Rb5 41. Kf2 Rd5 42. f4 Qd7 1/2-1/2

[Event "III Memorial Oliver Gonzalez (Torneo A)"]
[Site "Polideportivo Daoiz y Velarde,"]
[Date "2012.09.08"]
[Round "8"]
[White "Lopez Mulet, Inigo"]
[Black "Rabadan Velasco, Raul"]
[Result "1-0"]
[WhiteElo "2019"]
[BlackElo "2347"]
[PlyCount "97"]
[EventDate "2012.09.01"]
[EventRounds "9"]
[EventCountry "ESP"]

1. d4 Nf6 2. c4 g6 3. f3 c5 4. d5 b5 5. cxb5 a6 6. e4 d6 7. Nc3 Bg7 8. a4 O-O
9. Be3 Nfd7 10. Qd2 axb5 11. Bxb5 Ba6 12. Nge2 Nb6 13. Bxa6 Nxa6 14. b3 c4 15.
a5 Nc5 16. Bxc5 dxc5 17. O-O Nd7 18. bxc4 Rxa5 19. f4 Nb6 20. Qd3 Qa8 21. Rxa5
Qxa5 22. Rb1 Nc8 23. Kf2 Qa6 24. e5 f6 25. e6 Nd6 26. Nb5 f5 27. Nxd6 Qxd6 28.
Qa3 Bf6 29. g3 Rc8 30. Qa7 Qd8 31. Rb7 Qf8 32. Rc7 Rxc7 33. Qxc7 Qh6 34. h4 Qh5
35. Qxc5 h6 36. Qc8+ Kh7 37. Qe8 Qg4 38. Qf7+ Bg7 39. Qxe7 Qh3 40. Qa3 Qh2+ 41.
Ke3 Qg2 42. Qd3 Bf8 43. d6 Qc6 44. Qd5 Qxd6 45. Qxd6 Bxd6 46. Kd4 Kg7 47. Kd5
Bb8 48. Kc6 Kf6 49. Kd7 1-0

[Event "III Memorial Oliver Gonzalez (Torneo A)"]
[Site "Polideportivo Daoiz y Velarde,"]
[Date "2012.09.08"]
[Round "8"]
[White "Suarez Uriel, Adrian"]
[Black "Ciuro Muñoz, Ricardo"]
[Result "1-0"]
[WhiteElo "2245"]
[BlackElo "2102"]
[PlyCount "47"]
[EventDate "2012.09.01"]
[EventRounds "9"]
[EventCountry "ESP"]

1. e4 e6 2. d4 d5 3. Nc3 Bb4 4. exd5 exd5 5. Bd3 Ne7 6. Qf3 c5 7. dxc5 d4 8. a3
Qa5 9. Rb1 dxc3 10. axb4 Qa2 11. Ne2 Qxb1 12. b3 Nbc6 13. O-O Ne5 14. Bb5+ Kf8
15. Qxc3 N5c6 16. Bh6 Qxf1+ 17. Kxf1 Rg8 18. Bg5 h6 19. Bh4 Be6 20. Bxc6 bxc6
21. Nd4 Bd5 22. Bxe7+ Kxe7 23. Nf5+ Kf8 24. Qe5 1-0

[Event "III Memorial Oliver Gonzalez (Torneo A)"]
[Site "Polideportivo Daoiz y Velarde,"]
[Date "2012.09.08"]
[Round "8"]
[White "Spitzer Isbert, Ramon"]
[Black "Fernandez Blazquez, Diego"]
[Result "1-0"]
[WhiteElo "2078"]
[BlackElo "2215"]
[PlyCount "102"]
[EventDate "2012.09.01"]
[EventRounds "9"]
[EventCountry "ESP"]

1. c3 c5 2. g3 d5 3. Bg2 Nc6 4. Na3 e5 5. d3 Nf6 6. Nf3 Bd6 7. O-O h6 8. Nc2
Be6 9. Nd2 O-O 10. e4 Qc7 11. exd5 Nxd5 12. Nc4 Be7 13. Re1 b5 14. N4e3 Nf6 15.
Qf3 Rac8 16. Bf1 Qd7 17. Rd1 a6 18. Ne1 Nh7 19. Qe2 f5 20. Nf3 Rce8 21. Ng2 Bd6
22. Ngh4 Bd5 23. Ng2 f4 24. Nge1 Rf7 25. Bg2 g5 26. Nxg5 e4 27. Bh3 Qe7 28.
Nxf7 Qxf7 29. dxe4 Ng5 30. Bg2 Bc4 31. Qc2 Bc7 32. h4 fxg3 33. hxg5 gxf2+ 34.
Qxf2 Bh2+ 35. Kxh2 Qxf2 36. Nd3 Bxd3 37. Rxd3 Ne5 38. Rg3 h5 39. Be3 Qxb2 40.
Rf1 Qxc3 41. Bf4 Qc2 42. g6 Ng4+ 43. Kh3 Qxa2 44. Kh4 Qe6 45. Kg5 Kg7 46. Kh4
Rf8 47. Bh3 Re8 48. Bc1 Qxe4 49. Bb2+ Ne5+ 50. Kg5 Re6 51. Bxe6 h4 1-0

[Event "III Memorial Oliver Gonzalez (Torneo A)"]
[Site "Polideportivo Daoiz y Velarde,"]
[Date "2012.09.08"]
[Round "8"]
[White "Pastor Alonso De Prado, Albert"]
[Black "Ginesta Caballero, Olga Lucia"]
[Result "1-0"]
[WhiteElo "2172"]
[BlackElo "2099"]
[PlyCount "109"]
[EventDate "2012.09.01"]
[EventRounds "9"]
[EventCountry "ESP"]

1. e4 c5 2. Nf3 g6 3. c3 Bg7 4. h3 d5 5. e5 Nc6 6. d4 cxd4 7. cxd4 f6 8. exf6
exf6 9. Nc3 Nge7 10. Bb5 O-O 11. O-O Qd6 12. Re1 Be6 13. Bf1 a6 14. a4 Rfe8 15.
Qb3 Bf7 16. a5 Qb4 17. Qxb4 Nxb4 18. Ra4 Nec6 19. Rd1 g5 20. Na2 Nxa2 21. Rxa2
Bg6 22. Bd2 Bf8 23. Bc3 Rac8 24. Raa1 h6 25. Ne1 Rc7 26. g4 Bd6 27. Ng2 Be4 28.
Re1 Kf7 29. Re2 h5 30. Ne3 hxg4 31. hxg4 Rh8 32. Bg2 Bxg2 33. Kxg2 Rh2+ 34. Kg1
Rc8 35. Nxd5 Rch8 36. Ree1 R2h4 37. Ne3 Bf4 38. d5 Bxe3 39. dxc6 Rxg4+ 40. Kf1
Bc5 41. cxb7 Rb8 42. f3 Rg3 43. Ke2 Rxb7 44. Rf1 Rd7 45. Ra4 f5 46. Rc4 Rg2+
47. Ke1 Be3 48. Rh1 Rg1+ 49. Rxg1 Bxg1 50. Rc6 Re7+ 51. Kf1 Bh2 52. Rf6+ Ke8
53. Rxf5 Bf4 54. Rf6 Re3 55. Kf2 1-0

[Event "III Memorial Oliver Gonzalez (Torneo A)"]
[Site "Polideportivo Daoiz y Velarde,"]
[Date "2012.09.08"]
[Round "8"]
[White "Pascual Palomo, Lucia"]
[Black "Montoya Pecurul, Marc"]
[Result "0-1"]
[WhiteElo "2120"]
[BlackElo "1925"]
[PlyCount "66"]
[EventDate "2012.09.01"]
[EventRounds "9"]
[EventCountry "ESP"]

1. e4 c5 2. Nf3 d6 3. d4 cxd4 4. Nxd4 Nf6 5. Nc3 g6 6. f4 Nc6 7. Be2 Bg7 8. Be3
O-O 9. Nb3 a6 10. a4 Be6 11. O-O Rc8 12. f5 Bd7 13. a5 Ne5 14. Bb6 Qe8 15. Nd2
Bc6 16. Nd5 Nxd5 17. exd5 Bxd5 18. Ra3 Nc4 19. Nxc4 Bxc4 20. Re3 Be5 21. b3
Bxe2 22. Qxe2 Qc6 23. c4 Bf6 24. Rxe7 Bxe7 25. Qxe7 Rce8 26. Qg5 Re2 27. Rf4
Rfe8 28. h3 h6 29. Qg4 g5 30. Rf3 d5 31. h4 Re1+ 32. Kh2 R8e4 33. cxd5 Qd6+ 0-1

[Event "III Memorial Oliver Gonzalez (Torneo A)"]
[Site "Polideportivo Daoiz y Velarde,"]
[Date "2012.09.08"]
[Round "8"]
[White "Blanco Sanchez, Jose Fernando"]
[Black "Martin Prior, Francisco Jose"]
[Result "0-1"]
[WhiteElo "2107"]
[BlackElo "1867"]
[PlyCount "100"]
[EventDate "2012.09.01"]
[EventRounds "9"]
[EventCountry "ESP"]

1. Nc3 c5 2. e4 e6 3. g3 d6 4. Bg2 g6 5. Nge2 Bg7 6. d4 cxd4 7. Nxd4 a6 8. O-O
Ne7 9. f4 Nbc6 10. Nce2 O-O 11. c4 e5 12. Nc2 f5 13. Ne3 Be6 14. Nd5 Na5 15.
fxe5 Bxd5 16. cxd5 Bxe5 17. Bh6 Qb6+ 18. Kh1 Rfc8 19. Bg5 Re8 20. Bxe7 Rxe7 21.
exf5 gxf5 22. Rxf5 Qxb2 23. Rc1 Qxa2 24. Nd4 Nc4 25. Rg5+ Kh8 26. Nf5 Bf6 27.
Nxe7 Bxg5 28. Rxc4 Bxe7 29. Rf4 Bf8 30. Qd3 Bg7 31. Bh3 Qa1+ 32. Rf1 Qd4 33.
Qxd4 Bxd4 34. Rf7 b5 35. Bf5 Rb8 36. Rxh7+ Kg8 37. Rh4 Be5 38. Rg4+ Kh8 39.
Rh4+ Kg7 40. Rh7+ Kf6 41. g4 b4 42. h4 Bd4 43. Kg2 b3 44. Bb1 Ke5 45. Rh5+ Kf4
46. Rf5+ Kxg4 47. Rf3 a5 48. Bf5+ Kxh4 49. Rf4+ Kg5 50. Kf3 Be5 0-1

[Event "III Memorial Oliver Gonzalez (Torneo A)"]
[Site "Polideportivo Daoiz y Velarde,"]
[Date "2012.09.08"]
[Round "8"]
[White "Lorite Cruz, Francisco"]
[Black "Martin Martin, Luis Vicente"]
[Result "1-0"]
[WhiteElo "2039"]
[BlackElo "2069"]
[PlyCount "79"]
[EventDate "2012.09.01"]
[EventRounds "9"]
[EventCountry "ESP"]

1. e4 d5 2. exd5 Qxd5 3. Nc3 Qa5 4. d4 c6 5. Bc4 Bf5 6. Nf3 e6 7. Ne5 Nf6 8.
Bd2 Qc7 9. g4 Bg6 10. Qe2 Nbd7 11. O-O-O Nxe5 12. dxe5 Nd5 13. f4 O-O-O 14.
Rdf1 h5 15. f5 Bh7 16. h3 Be7 17. Bxd5 exd5 18. Bf4 Qa5 19. Kb1 Rhe8 20. Bg3
Bd6 21. Qh2 Bc7 22. Re1 g6 23. Rhf1 gxf5 24. gxf5 d4 25. Ne4 Bxe5 26. Bxe5 Qxe5
27. Qxe5 Rxe5 28. Nd6+ Rxd6 29. Rxe5 Rf6 30. Re8+ Kd7 31. Rh8 Bxf5 32. Kc1 d3
33. cxd3 Ke7 34. Rxh5 Bxd3 35. Rxf6 Kxf6 36. h4 Kg6 37. Ra5 a6 38. Kd2 Bb5 39.
Ke3 Kh5 40. a4 1-0

[Event "III Memorial Oliver Gonzalez (Torneo A)"]
[Site "Polideportivo Daoiz y Velarde,"]
[Date "2012.09.08"]
[Round "8"]
[White "Perez Cameselle, Francisco"]
[Black "Cardenas Serrano, Sergio"]
[Result "0-1"]
[WhiteElo "1836"]
[BlackElo "2123"]
[PlyCount "136"]
[EventDate "2012.09.01"]
[EventRounds "9"]
[EventCountry "ESP"]

1. e4 c5 2. d3 Nc6 3. Nf3 g6 4. g3 Bg7 5. Bg2 e6 6. O-O Nge7 7. Nbd2 d5 8. Qe2
Rb8 9. Nb3 b6 10. c3 Ba6 11. exd5 Nxd5 12. c4 Nde7 13. Bf4 Rc8 14. Ne5 O-O 15.
Rad1 Bb7 16. Rfe1 Ba8 17. g4 Nd4 18. Nxd4 Qxd4 19. Bxa8 Qxf4 20. Bg2 Bxe5 21.
Qxe5 Qxg4 22. h3 Qf5 23. d4 Qxe5 24. dxe5 Rfd8 25. b3 Nf5 26. Bb7 Rb8 27. Be4
Kf8 28. Bxf5 gxf5 29. Kf1 Ke7 30. Ke2 f6 31. exf6+ Kxf6 32. f4 Ke7 33. Rxd8
Rxd8 34. Rg1 Kf6 35. Ke3 Kf7 36. h4 Rg8 37. Rd1 Ke7 38. h5 Rg2 39. h6 a5 40.
Kf3 Rh2 41. Rg1 Rxh6 42. Rg7+ Kd6 43. Rb7 Kc6 44. Re7 b5 45. a4 b4 46. Kg2 Rg6+
47. Kf2 h6 48. Ra7 Kb6 49. Re7 h5 50. Rh7 Rg4 51. Rxh5 Rxf4+ 52. Kg3 Re4 53.
Kf3 Rd4 54. Ke2 Kc7 55. Rh7+ Rd7 56. Rh6 Kd6 57. Rh8 Ra7 58. Rc8 Ke5 59. Rxc5+
Kd4 60. Rc6 e5 61. Rf6 f4 62. Kd2 Ke4 63. Ke2 Rh7 64. Ra6 Rh2+ 65. Kf1 Kf3 66.
Kg1 Rg2+ 67. Kf1 e4 68. Rxa5 e3 0-1